Biocomercio: una alternativa para el desarrollo sostenible /
Gorde:
| Egile nagusia: | |
|---|---|
| Beste egile batzuk: | |
| Formatua: | Texto |
| Gaiak: | |
| Etiketak: |
Etiketa erantsi
Etiketarik gabe, Izan zaitez lehena erregistro honi etiketa jartzen!
|
MARC
| LEADER | 00000 a a2200000 04500 | ||
|---|---|---|---|
| 001 | 3046 | ||
| 003 | |||
| 040 | |||
| 100 | |a Arias Ramírez, Rafael | ||
| 245 | |a Biocomercio: |b una alternativa para el desarrollo sostenible / |c Rafael Arias Ramírez ; Carlos Murillo Rodríguez | ||
| 650 | |a DESARROLLO SOSTENIBLE | ||
| 650 | |a COMERCIO | ||
| 650 | |a BIODIVERSIDAD | ||
| 650 | |a AGRICULTURA ORGANIZCA | ||
| 650 | |a TURISMO | ||
| 650 | |a EQUIDAD SOCIAL | ||
| 650 | |a DESARRLLO | ||
| 650 | |a INVESTIGACION | ||
| 650 | |a AMERICA LATINA | ||
| 700 | |a Murillo Rodríguez, Carlos | ||
| 773 | |g volumen 26, número 1; páginas 73-90 | ||
| 999 | |c 32235 |d 32235 | ||
